| 000 | 00361nam a2200109Ia 4500 | ||
|---|---|---|---|
| 008 | 171204s9999 xx 000 0 und d | ||
| 245 | _aWebgl Textures & Vertices: Beginner's Guide (online 3d Media With Webgl Book 1): | ||
| 245 | _cA. Butler | ||
| 260 | _c2015 | ||
| 650 | _xAdvanced 3D Computer Animation | ||
| 856 | _uhttp://down.ebook777.com/005/B0107LUYLQ.pdf | ||
| 999 |
_c346246 _d346246 |
||